000 00376 a2200169 4500
001 190676
020 _a85-01-07048-3
040 _cMagnum
100 _aCornwell, Bernard
240 1 0 _aOs fuzileiros de sharpe
_lpor
245 1 0 _aOs fuzileiros de sharpe
300 _a348
362 0 _a2006
440 1 _aRecord
697 _aLITERATURA GERAL ESTRANGEIRA
942 _cBK
999 _c190676
_d190676